Test Cricket - Most Recent 300 by Country - Statistics

General Stats
  • This quiz has been taken 209 times
  • The average score is 7 of 10
Answer Stats
Country Year Score Answer % Correct
Australia 2012 329* Michael Clarke
88%
West Indies 2010 333 Chris Gayle
87%
South Africa 2012 311* Hashim Amla
81%
India 2008 319 Virender Sehwag
80%
New Zealand 2014 302 Brendon McCullum
79%
Sri Lanka 2014 319 Kumar Sangakkara
79%
England 1990 333 Graham Gooch
75%
Pakistan 2009 313 Younis Khan
73%
Bangladesh 2013 200 Mushfiqur Rahim
29%
Zimbabwe 1994 266 David Houghton
22%
No matching quizzes found
Score Distribution
Percent of People with Each Score
Percentile by Number Answered
Your Score History
You have not taken this quiz